Können Sie die 10 bevölkerungsreichsten Länder im Jahr 1950 nennen? - Statistiken

Allgemein
  • Dieses Quiz wurde 345 mal gespielt
  • Das Durchschnittsergebnis liegt bei 9 aus 10
Antwortstatistiken
Bevölkerung Antworten % Korrekt
554,419,273 China
100%
376,325,200 Indien
99%
158,804,395 Vereinigte Staaten
99%
102,798,657 Russland
95%
69,966,243 Deutschland
94%
53,974,729 Brasilien
91%
50,616,014 Vereinigtes Königreich
86%
82,802,084 Japan
83%
69,543,316 Indonesien
76%
46,598,601 Italien
69%
Keine übereinstimmenden Quizze gefunden
Verteilung der Resultate
Anzahl Personen mit jedem Resultat
Perzentil nach korrekt beantworteten Fragen
Ihre Resultats-Entwicklung
Sie haben dieses Quiz noch nicht gespielt